01212nam a2200313Ia 4500001001100000003000800011006001900019007001500038008004100053010001700094020002800111020002200139040002100161035002000182050002300202082001200225100002800237245009300265260005100358300001500409504006600424533015200490650004600642650002400688655002900712710001700741856012500758999001500883ebr5000149CaPaEBRm u cr cn|||||||||991223s2000 pau sb 001 0 eng d z 99462346  z1556198566 (alk. paper) z9027225621 (Eur.) aCaPaEBRcCaPaEBR a(OCoLC)7076848014aP295b.S499 2000eb04a4152211 aSimpson, Andrew,d1962-10aWh-movement and the theory of feature-checkingh[electronic resource] /cAndrew Simpson. aPhiladelphia :bJ. Benjamins Pub. Co.,cc2000. axi, 244 p. aIncludes bibliographical references (p. [233]-239) and index. aElectronic reproduction.bPalo Alto, Calif. :cebrary,d2013.nAvailable via World Wide Web.nAccess may be limited to ebrary affiliated libraries. 0aGrammar, Comparative and generalxSyntax. 0aGenerative grammar. 7aElectronic books.2local2 aebrary, Inc.40uhttp://site.ebrary.com/lib/rucke/Doc?id=5000149zAn electronic book accessible through the World Wide Web; click to view c2663d2663